000 00581nam a2200181 a 4500
001 000019252
005 20200929165949.0
008 100529s1985 cl 000 d spa d
040 _aDO-SdBNP
_bspa
_cBNPHU
082 _axx
_bM721m
100 1 _aMolière,
_d1622-1673
_913395
245 1 3 _aEl médico a palos = Tartufo /
_cMolière.
246 1 1 _aTartufo.
260 _aSantiago de Chile :
_bErcilla,
_c1985.
300 _a141, [3] p. ;
_c18 cm.
490 1 _aLos mejores libros de la literatura universal
_v22
830 4 _aLos mejores libros de la literatura universal ;
_v22
_910647
999 _c18770
_d18770